000
00304nam a2200097Ia 4500
008
220204s9999 xx 000 0 und d
082
_a
339.1
_b
THI
245
0
_a
Third meeting of the advisory council on trade 24th and 25th October, 1970
260
_a
New Delhi
_b
Ministry of foreign trade
_c
1970
942
_c
BK
999
_c
22093
_d
22093